| 000 | 00371nam a2200121Ia 4500 | ||
|---|---|---|---|
| 008 | 220204s9999 xx 000 0 und d | ||
| 082 |
_a338.43.01 _bHAN |
||
| 100 | _aHanumantha Rao, C H | ||
| 245 | 0 | _aAgricultural growth, rural poverty and environmental degradation in India | |
| 260 |
_aBombay _bOxford University Press _c1994 |
||
| 650 | _aEconomic reforms | ||
| 942 | _cBK | ||
| 999 |
_c40809 _d40809 |
||